| 000 | 00877nam0a22002651 4500 | ||
|---|---|---|---|
| 001 | rc\78880 | ||
| 005 | 20021216131214.6 | ||
| 010 |
_a5-85381-038-3 _91000 |
||
| 035 | _a(NLR Aleph) 005349127 | ||
| 090 |
_a6777365 _c6777365 |
||
| 100 | _a20021216d1996 u |0rusy50 ca | ||
| 101 | 0 | _arus | |
| 102 | _aRU | ||
| 105 | _aa ||||||||| | ||
| 200 | 1 |
_aТриумф жизни _eИзбранное _fПерси Биш Шелли _gПер. с англ. Галины Гампер |
|
| 210 |
_aСПб. _cГлагол _d1996 |
||
| 215 |
_a152 с. _cил. _d17 |
||
| 300 | _aС автогр. пер. | ||
| 700 | 1 |
_aШелли _bП. Б. _f1792-1822 _gПерси Биш |
|
| 702 | 1 |
_aГампер _bГ. С. _f1940-2015 _gГалина Сергеевна _3RU\NLR\AUTH\770157769 _4220 |
|
| 801 | 0 |
_aRU _bNLR _gpsbo |
|
| 801 | 1 |
_aRU _bELAR _2rusmarc |
|
| 852 |
_aNLR _j97-2/1050 |
||
| 942 | _cBOOK | ||
| 980 | _aNB | ||